Countries with the Most Buddhists - Statistics

General Stats
  • This quiz has been taken 40 times
  • The average score is 19 of 20
Answer Stats
Hint Country % Correct
13.7M Cambodia
100%
96.9% Cambodia
100%
244.1M China
100%
9.3M India
100%
45.8M Japan
100%
36.2% Japan
100%
64.2M Thailand
100%
93.2% Thailand
100%
74.7% Bhutan
97%
66.0% Laos
97%
38.4M Myanmar
97%
80.1% Myanmar
97%
14.4M Vietnam
97%
14.5M Sri Lanka
92%
69.3% Sri Lanka
92%
35.1% Taiwan
92%
33.2% Singapore
89%
10.5M South Korea
89%
5.0M Malaysia
86%
55.1% Mongolia
81%
No matching quizzes found
Score Distribution
Percent of People with Each Score
Percentile by Number Answered
Your Score History
You have not taken this quiz